[Event "Titled Tuesday intern op 20th May Late"]
[Site "Chess.com INT"]
[Date "2025.05.20"]
[Round "1"]
[White "Myagmarsuren, Evsuld"]
[Black "Panarin, Mikhail"]
[Result "0-1"]
[WhiteElo "2292"]
[BlackElo "2562"]
[PlyCount "64"]
[EventDate "2025.05.20"]
[EventType "swiss (blitz)"]
[EventRounds "11"]
[EventCountry "USA"]
[SourceTitle "CB22_2025"]
[SourceDate "2025.05.28"]
[SourceVersion "1"]
[SourceVersionDate "2025.05.28"]
[SourceQuality "1"]

1. e4 c6 2. d4 d5 3. exd5 cxd5 4. Bd3 Nc6 5. c3 Qc7 6. h3 g6 7. Qc2 f6 8. Ne2 e5 9. dxe5 fxe5 10. 0-0 Bg7 11. Re1 Nge7 12. Ng3 0-0 13. Be3 Nf5 14. Nxf5 gxf5 15. f4 e4 16. Bb5 Be6 17. Nd2 d4 18. cxd4 Rac8 19. Nb3 Qf7 20. Qf2 Bxb3 21. axb3 Qxb3 22. Bxc6 Rxc6 23. Rxa7 Rc2 24. Qg3 Qxb2 25. d5 Kh8 26. Rd1 Rg8 27. Qxg7+ Qxg7 28. Bd4 Rxg2+ 29. Kf1 Qxd4 30. Rxd4 e3 31. d6 Rf2+ 32. Ke1 Rg1# 0-1

[Event "Titled Tuesday intern op 20th May Late"]
[Site "Chess.com INT"]
[Date "2025.05.20"]
[Round "6"]
[White "Nielsen Refs, Karl Emil Elmer"]
[Black "Myagmarsuren, Evsuld"]
[Result "0-1"]
[WhiteElo "2095"]
[BlackElo "2292"]
[PlyCount "60"]
[EventDate "2025.05.20"]
[EventType "swiss (blitz)"]
[EventRounds "11"]
[EventCountry "USA"]
[SourceTitle "CB22_2025"]
[SourceDate "2025.05.28"]
[SourceVersion "1"]
[SourceVersionDate "2025.05.28"]
[SourceQuality "1"]

1. d4 Nf6 2. c4 c5 3. d5 e6 4. Nc3 exd5 5. Nxd5 Nxd5 6. cxd5 d6 7. g3 g6 8. Bg2 Bg7 9. Nf3 0-0 10. 0-0 Re8 11. Qb3 Nd7 12. Bf4 Nf6 13. Rfe1 h6 14. Rad1 a6 15. a4 b5 16. Nd2 g5 17. Be3 Ng4 18. Ne4 Nxe3 19. fxe3 Bf5 20. Nc3 Rxe3 21. axb5 axb5 22. Qxb5 Rb8 23. Qc6 Rxb2 24. Nb5 Qb8 25. Rf1 Rexe2 26. Bh1 Bh3 27. Rxf7 Kxf7 28. Nxd6+ Qxd6 29. Qxd6 Bd4+ 30. Rxd4 Re1# 0-1

[Event "Titled Tuesday intern op 06th May Early"]
[Site "Chess.com INT"]
[Date "2025.05.06"]
[Round "3"]
[White "Martinez Reyes, Pedro Ramon"]
[Black "Myagmarsuren, Evsuld"]
[Result "1-0"]
[WhiteElo "2361"]
[BlackElo "2292"]
[PlyCount "103"]
[EventDate "2025.05.06"]
[EventType "swiss (blitz)"]
[EventRounds "11"]
[EventCountry "USA"]
[SourceTitle "CB20_2025"]
[SourceDate "2025.05.14"]
[SourceVersion "1"]
[SourceVersionDate "2025.05.14"]
[SourceQuality "1"]

1. e4 e5 2. Nf3 Nc6 3. Nc3 Nf6 4. Be2 d5 5. exd5 Nxd5 6. 0-0 Nxc3 7. bxc3 Bd6 8. d4 exd4 9. cxd4 0-0 10. c4 Bg4 11. Rb1 Rb8 12. c5 Be7 13. d5 Bxf3 14. Bxf3 Ne5 15. Bb2 Nxf3+ 16. Qxf3 Re8 17. Rfd1 Bxc5 18. Bxg7 Bxf2+ 19. Qxf2 Kxg7 20. Rb3 f6 21. Qh4 Re5 22. Rh3 h5 23. Rg3+ Rg5 24. Rxg5+ fxg5 25. Qxh5 Qf6 26. Rf1 Qd4+ 27. Kh1 Qxd5 28. Qe2 Rf8 29. Rd1 Re8 30. Qh5 Re7 31. h3 Qf5 32. Rc1 c5 33. Qd1 b6 34. Qd6 Rf7 35. Re1 Qf4 36. Qd5 Qf5 37. Qd2 Qf4 38. Qb2+ Qf6 39. Qc2 Qd4 40. Qc1 Qf6 41. Rd1 Qg6 42. Qc3+ Kh7 43. Kh2 Qf6 44. Qd3+ Qf5 45. Qd8 Qf4+ 46. Kh1 Qf6 47. Qd3+ Qg6 48. Qd6 Qxd6 49. Rxd6 Rf1+ 50. Kh2 Rf7 51. a4 Rd7 52. Rc6 1-0

[Event "Titled Tuesday intern op 06th May Early"]
[Site "Chess.com INT"]
[Date "2025.05.06"]
[Round "2"]
[White "Sathvik, Adiga"]
[Black "Myagmarsuren, Evsuld"]
[Result "1-0"]
[WhiteElo "2341"]
[BlackElo "2292"]
[PlyCount "61"]
[EventDate "2025.05.06"]
[EventType "swiss (blitz)"]
[EventRounds "11"]
[EventCountry "USA"]
[SourceTitle "CB20_2025"]
[SourceDate "2025.05.14"]
[SourceVersion "1"]
[SourceVersionDate "2025.05.14"]
[SourceQuality "1"]

1. e4 e5 2. Nf3 Nc6 3. Bc4 Nf6 4. d3 h6 5. 0-0 d6 6. c3 g5 7. Nbd2 Bg7 8. Bb3 Bg4 9. Re1 0-0 10. h3 Be6 11. Nf1 g4 12. hxg4 Bxg4 13. Ne3 Qd7 14. Nxg4 Nxg4 15. Nh4 Ne7 16. Nf5 h5 17. Nxg7 Kxg7 18. Qd2 Ng6 19. f3 Rh8 20. fxg4 hxg4 21. Rf1 Nf4 22. Rxf4 exf4 23. Qxf4 Rh5 24. Be3 Rah8 25. Bd4+ Kf8 26. Bxh8 Rxh8 27. Rf1 Rh7 28. Qf6 a5 29. e5 a4 30. e6 Qb5 31. Qg6 1-0

[Event "Fagernes op"]
[Site "Fagernes"]
[Date "2025.04.13"]
[Round "1"]
[White "Myagmarsuren, Evsuld"]
[Black "Strand, Amund Pihl"]
[Result "1-0"]
[WhiteElo "2305"]
[BlackElo "1914"]
[PlyCount "79"]
[EventDate "2025.04.13"]
[EventType "swiss"]
[EventRounds "9"]
[EventCountry "NOR"]
[SourceTitle "CB17_2025"]
[SourceDate "2025.04.23"]
[SourceVersion "1"]
[SourceVersionDate "2025.04.23"]
[SourceQuality "1"]

1. e4 c5 2. Nf3 e6 3. d4 cxd4 4. Nxd4 Nf6 5. Nc3 Nc6 6. g3 Bb4 7. Bg2 0-0 8. 0-0 d6 9. Nxc6 bxc6 10. e5 Nd5 11. Nxd5 cxd5 12. Qg4 Bc5 13. Bh6 g6 14. Bxf8 Qxf8 15. exd6 Qxd6 16. a3 Qb6 17. c4 Qxb2 18. Qf4 Qb8 19. Qg5 Ba6 20. Rfb1 Qd8 21. Qf4 Bd6 22. Qe3 Bxc4 23. Rb7 Qf6 24. Rab1 a5 25. h4 h5 26. Rd7 Be5 27. Rbb7 Rf8 28. Qg5 Qxg5 29. hxg5 a4 30. Bh3 d4 31. f4 Bh8 32. Bg2 Bb3 33. Kf2 e5 34. Bd5 Bxd5 35. Rxd5 exf4 36. gxf4 f6 37. Rd6 Rf7 38. Rd8+ Rf8 39. Rxf8+ Kxf8 40. Rb8+ 1-0

[Event "Titled Tuesday intern op 01st Apr Early"]
[Site "Chess.com INT"]
[Date "2025.04.01"]
[Round "6"]
[White "Moldagali, Beksultan"]
[Black "Myagmarsuren, Evsuld"]
[Result "1-0"]
[WhiteElo "2398"]
[BlackElo "2314"]
[PlyCount "93"]
[EventDate "2025.04.01"]
[EventType "swiss (blitz)"]
[EventRounds "11"]
[EventCountry "USA"]
[SourceTitle "CB15_2025"]
[SourceDate "2025.04.09"]
[SourceVersion "1"]
[SourceVersionDate "2025.04.09"]
[SourceQuality "1"]

1. e4 c5 2. Nf3 g6 3. Bc4 Bg7 4. 0-0 Nc6 5. c3 e6 6. Re1 Nge7 7. d4 cxd4 8. Nxd4 a6 9. Nxc6 Nxc6 10. Bf4 0-0 11. Bd6 Re8 12. Nd2 b5 13. Bb3 Bb7 14. Bc2 Ne5 15. Rc1 Rc8 16. Kh1 Qb6 17. Bxe5 Bxe5 18. Qe2 Bg7 19. Nf3 b4 20. cxb4 Qxb4 21. Rcd1 d5 22. Bb3 dxe4 23. Ng5 e3 24. fxe3 Be5 25. Qf2 Rc7 26. e4 Qc5 27. Qh4 h5 28. Rf1 Qe7 29. Rxf7 Qxf7 30. Nxf7 Rxf7 31. Qh3 Kg7 32. Bxe6 Rd8 33. Re1 Rf6 34. Bd5 Bxd5 35. exd5 Rxd5 36. Qb3 Rfd6 37. g3 Bf6 38. Qb7+ Kh6 39. Rf1 Bg5 40. Qc8 Be3 41. Qh8+ Kg5 42. Kg2 Rd2+ 43. Kh3 Rc2 44. Qe5+ Kh6 45. Qxd6 Bg5 46. Qf8+ Kh7 47. Rf7# 1-0

[Event "Titled Tuesday intern op 25th Mar Early"]
[Site "Chess.com INT"]
[Date "2025.03.25"]
[Round "5"]
[White "Barria Zuniga, Daniel"]
[Black "Myagmarsuren, Evsuld"]
[Result "1-0"]
[WhiteElo "2341"]
[BlackElo "2314"]
[PlyCount "47"]
[EventDate "2025.03.25"]
[EventType "swiss (blitz)"]
[EventRounds "11"]
[EventCountry "USA"]
[SourceTitle "CB14_2025"]
[SourceDate "2024.11.01"]
[SourceVersion "1"]
[SourceVersionDate "2024.11.01"]
[SourceQuality "1"]

1. d4 Nf6 2. c4 c5 3. d5 e6 4. Nc3 exd5 5. cxd5 d6 6. e4 g6 7. h3 Bg7 8. Nf3 0-0 9. Bd3 b5 10. Nxb5 Nxe4 11. Bxe4 Re8 12. 0-0 Rxe4 13. Ng5 Rb4 14. Qf3 Rxb5 15. Qxf7+ Kh8 16. Re1 Bd7 17. Re7 Qg8 18. Bd2 Qxf7 19. Nxf7+ Kg8 20. Nh6+ Kh8 21. Rae1 Be5 22. R1xe5 dxe5 23. Bc3 c4 24. Bxe5# 1-0

[Event "Titled Tuesday intern op 25th Mar Early"]
[Site "Chess.com INT"]
[Date "2025.03.25"]
[Round "3"]
[White "Myagmarsuren, Evsuld"]
[Black "Grot, Blazej"]
[Result "0-1"]
[WhiteElo "2314"]
[BlackElo "2190"]
[PlyCount "68"]
[EventDate "2025.03.25"]
[EventType "swiss (blitz)"]
[EventRounds "11"]
[EventCountry "USA"]
[SourceTitle "CB14_2025"]
[SourceDate "2024.11.01"]
[SourceVersion "1"]
[SourceVersionDate "2024.11.01"]
[SourceQuality "1"]

1. e4 c5 2. Nf3 d6 3. d4 cxd4 4. Nxd4 Nf6 5. Nc3 a6 6. Be3 e6 7. g4 b5 8. g5 Nfd7 9. a3 Bb7 10. h4 Nb6 11. h5 N8d7 12. f4 Rc8 13. Qf3 Rxc3 14. bxc3 Nc5 15. Bd3 Nc4 16. Nb3 Nxe3 17. Qxe3 Na4 18. Kd2 Qc7 19. Be2 Be7 20. Nd4 Bxe4 21. Nxb5 axb5 22. Bxb5+ Bc6 23. Bxc6+ Qxc6 24. h6 g6 25. Rhb1 0-0 26. Rb4 Rc8 27. c4 Nc5 28. Re1 Bf8 29. Qd4 Nd7 30. Kc1 e5 31. Qd5 Qxd5 32. cxd5 exf4 33. Rxf4 Ne5 34. Ree4 Be7 0-1

[Event "Titled Tuesday intern op 11th Mar Early"]
[Site "Chess.com INT"]
[Date "2025.03.11"]
[Round "11"]
[White "Myagmarsuren, Evsuld"]
[Black "Argote Heredia, Valentina"]
[Result "1-0"]
[WhiteElo "2314"]
[BlackElo "2071"]
[PlyCount "57"]
[EventDate "2025.03.11"]
[EventType "swiss (blitz)"]
[EventRounds "11"]
[EventCountry "USA"]
[SourceTitle "CB12_2025"]
[SourceDate "2025.03.19"]
[SourceVersion "1"]
[SourceVersionDate "2025.03.19"]
[SourceQuality "1"]

1. e4 c6 2. d4 d5 3. Nc3 dxe4 4. Nxe4 Nf6 5. Nxf6+ exf6 6. c3 Bd6 7. Bd3 0-0 8. Be3 a6 9. h4 a5 10. h5 Re8 11. Ne2 f5 12. g3 Qc7 13. Qc2 Be6 14. Bxf5 Bxf5 15. Qxf5 Nd7 16. Kf1 a4 17. Kg2 Ra5 18. Qd3 Nf6 19. Nf4 Nd5 20. Nxd5 Rxd5 21. Rae1 b5 22. b3 axb3 23. axb3 Qd7 24. c4 bxc4 25. bxc4 Ra5 26. h6 g6 27. d5 Be5 28. Bd4 Bh8 29. Bxh8 1-0

[Event "Titled Tuesday intern op 11th Mar Early"]
[Site "Chess.com INT"]
[Date "2025.03.11"]
[Round "7"]
[White "Myagmarsuren, Evsuld"]
[Black "De Lomas Busquets, Alba"]
[Result "0-1"]
[WhiteElo "2314"]
[BlackElo "2013"]
[PlyCount "64"]
[EventDate "2025.03.11"]
[EventType "swiss (blitz)"]
[EventRounds "11"]
[EventCountry "USA"]
[SourceTitle "CB12_2025"]
[SourceDate "2025.03.19"]
[SourceVersion "1"]
[SourceVersionDate "2025.03.19"]
[SourceQuality "1"]

1. e4 c5 2. Nc3 Nc6 3. f4 e6 4. Nf3 d5 5. d3 Be7 6. Be2 Nf6 7. 0-0 0-0 8. Qe1 dxe4 9. dxe4 Nd4 10. Be3 Nxc2 11. Qc1 Nxa1 12. Qxa1 Ng4 13. Rd1 Qa5 14. Bd2 a6 15. h3 Nf6 16. e5 Nh5 17. Kh2 g6 18. g4 Ng7 19. Ne4 Qc7 20. Be3 b6 21. Nf6+ Kh8 22. b4 Rd8 23. Ng5 Rf8 24. Bf3 Rb8 25. Qc3 h6 26. Qe1 hxg5 27. fxg5 Bxf6 28. gxf6 Qxe5+ 29. Kg2 Qxf6 30. bxc5 Bb7 31. c6 Ba8 32. Bd4 Qe7 0-1

[Event "Titled Tuesday intern op 11th Mar Late"]
[Site "Chess.com INT"]
[Date "2025.03.11"]
[Round "8"]
[White "Myagmarsuren, Evsuld"]
[Black "Sitnic, Adnan"]
[Result "1-0"]
[WhiteElo "2314"]
[BlackElo "2105"]
[PlyCount "49"]
[EventDate "2025.03.11"]
[EventType "swiss (blitz)"]
[EventRounds "11"]
[EventCountry "USA"]
[SourceTitle "CB12_2025"]
[SourceDate "2025.03.19"]
[SourceVersion "1"]
[SourceVersionDate "2025.03.19"]
[SourceQuality "1"]

1. e4 c6 2. d4 d5 3. Nc3 dxe4 4. Nxe4 Nf6 5. Ng5 h6 6. Nxf7 Kxf7 7. Nf3 Be6 8. Bd3 Nbd7 9. 0-0 Kg8 10. Re1 Bf7 11. Ne5 Nxe5 12. dxe5 Nh7 13. e6 Be8 14. Qg4 Nf6 15. Qg3 h5 16. h4 Qd5 17. Re5 Qd6 18. Bf4 Rd8 19. Rae1 Qb4 20. b3 Rd5 21. Bg6 Ng4 22. Bxe8 Nxe5 23. Rxe5 Rxe5 24. Bf7+ Kh7 25. Qg6# 1-0

[Event "Titled Tuesday intern op 11th Mar Early"]
[Site "Chess.com INT"]
[Date "2025.03.11"]
[Round "8"]
[White "Terziev, Dimo"]
[Black "Myagmarsuren, Evsuld"]
[Result "0-1"]
[WhiteElo "2123"]
[BlackElo "2314"]
[PlyCount "96"]
[EventDate "2025.03.11"]
[EventType "swiss (blitz)"]
[EventRounds "11"]
[EventCountry "USA"]
[SourceTitle "CB12_2025"]
[SourceDate "2025.03.19"]
[SourceVersion "1"]
[SourceVersionDate "2025.03.19"]
[SourceQuality "1"]

1. e4 c5 2. Nf3 g6 3. d4 cxd4 4. Qxd4 Nf6 5. c4 Nc6 6. Qe3 d6 7. Nc3 Bg7 8. Be2 0-0 9. h3 a5 10. 0-0 a4 11. Rd1 Qa5 12. Bd2 Qc5 13. Qxc5 dxc5 14. Be3 b6 15. Rac1 h6 16. Rd2 Be6 17. e5 Nd7 18. Nd5 Bxd5 19. cxd5 Ncxe5 20. Nxe5 Nxe5 21. f4 Nd7 22. d6 exd6 23. Rxd6 Ra7 24. Rcd1 Re8 25. Rxd7 Rxd7 26. Rxd7 Rxe3 27. Kf2 Bd4 28. Kf1 Bxb2 29. Rb7 Re6 30. Bc4 Rf6 31. g3 g5 32. Kg2 gxf4 33. gxf4 Rxf4 34. Rxb6 Rxc4 35. Rxb2 a3 36. Rb8+ Kg7 37. Rb5 Rc2+ 38. Kg3 c4 39. Rc5 Kg6 40. Kg4 Rxa2 41. Rxc4 Rb2 42. Ra4 a2 43. Ra6+ f6 44. Kg3 Kg5 45. Ra5+ f5 46. h4+ Kg6 47. Ra6+ Kh5 48. Ra5 Rb3+ 0-1